| 000 | 00637nam a2200181Ia 4500 | ||
|---|---|---|---|
| 008 | 190422s9999 xx 000 0 und d | ||
| 100 | _aAlves dos Santos Jr., Marcelo | ||
| 245 | 4 | _aThe virtuous cycle of news sharing on facebook: Effects of platform affordances and journalistic routines on news sharing / | |
| 245 | _cMarcelo Alves dos Santos Jr,Diogenes Lycariao and Jakson A de Aquino.-- | ||
| 260 | _bSage | ||
| 260 | _c2019 | ||
| 300 | _apages 398-418, February 2019 | ||
| 440 |
_aNew Media & Society _v21(2) |
||
| 650 | _aAffordance | ||
| 650 | _aNews Sharing | ||
| 650 | _aNewsmaking | ||
| 650 | _aProfessional Routines | ||
| 999 |
_c361438 _d361438 |
||